Los 100 Mejores Cantantes Masculinos de todos los tiempos - Estadísticas

Estadísticas generales
  • Esta prueba ha sido intentada 201 veces
  • La puntuación promedio es 16 de 100
Estadísticas de respuestas
Hint Respuesta % Correcto
1 Michael Jackson
93%
15 Freddie Mercury
81%
11 George Michael
79%
6 Elton John
67%
3 Elvis Presley
65%
7 John Lennon
60%
2 Frank Sinatra
45%
18 Justin Bieber
45%
95 Sean Paul
36%
20 Bruno Mars
32%
32 David Bowie
32%
5 Paul McCartney
32%
21 Prince
32%
22 Eminem
31%
34 Jon Bon Jovi
30%
16 Ed Sheeran
28%
43 Bob Marley
27%
97 Drake
27%
19 Harry Styles
27%
51 Kurt Cobain
26%
23 Mick Jagger
26%
50 Axl Rose
24%
4 Bob Dylan
22%
30 Bruce Springsteen
22%
17 Justin Timberlake
22%
38 Robbie Williams
19%
13 Sting
19%
9 Stevie Wonder
18%
39 Bono
17%
65 George Harrison
17%
28 Sam Smith
17%
98 Jay Z
16%
93 Pharrell Williams
16%
31 Phil Collins
16%
25 The Weeknd
16%
76 Tom Jones
15%
24 Ozzy Osbourne
14%
35 Ray Charles
14%
78 Ringo Starr
14%
37 Shawn Mendes
14%
14 Bryan Adams
13%
26 Kendrick Lamar
13%
77 Louis Armstrong
13%
58 Michael Buble
13%
71 Adam Levine
10%
92 Chris Brown
10%
45 Eric Clapton
10%
60 James Brown
10%
8 Paul Simon
10%
33 Billy Joel
9%
10 Lionel Richie
9%
12 Rod Stewart
9%
44 Barry White
8%
87 Rick Astley
8%
82 Zayn Malik
8%
100 Charlie Puth
7%
64 Jerry Lee Lewis
7%
61 Jim Morrison
7%
42 Johnny Cash
7%
47 Lenny Kravitz
7%
55 Marvin Gaye
7%
56 Roy Orbison
7%
49 Usher
7%
91 Huey Lewis
6%
48 John Legend
6%
83 Post Malone
6%
46 Dr Dre
5%
79 Paul Young
5%
59 Ben E. King
4%
73 Benson Boone
4%
94 Jason Derulo
4%
27 Michael Bolton
4%
70 Niall Horan
4%
74 Seal
4%
72 Steve Perry
4%
85 Flo Rida
3%
53 Gene Simmons
3%
89 James Blunt
3%
36 Joe Cocker
3%
66 John Denver
3%
84 Jung Kook
3%
41 Neil Diamond
3%
29 Tony Bennett
3%
40 Billy Ocean
2%
57 Kenny Loggins
2%
52 Tom Petty
2%
88 Alex Warren
1%
81 Chris De Burgh
1%
69 Chubby Checker
1%
67 Del Shannon
1%
68 Dion
1%
80 Eric Carmen
1%
54 Frankie Valli
1%
62 Harry Belafonte
1%
99 Josh Groban
1%
63 Kenny Rogers
1%
96 Lewis Capaldi
1%
75 Paul Anka
1%
86 Richard Marx
1%
90 Ronan Keating
1%
No se encontraron pruebas coincidentes
Distribución de puntuación
Porcentaje de gente con cada puntuación
Porcentaje por número respondido
Historial de tus puntuaciones
No has intentado esta prueba.